| 000 | 00608aam a2200217 4500 | ||
|---|---|---|---|
| 005 | 20161115140509.0 | ||
| 008 | 150610b xxu||||| |||| 00| 0 spa d | ||
| 041 | _aEspañol | ||
| 082 | _a972.866 Z25c | ||
| 100 |
_aZamora Hernández, Carlos Manuel _931591 |
||
| 245 | _aCiudad de Liberia | ||
| 260 |
_aCosta Rica _bMinisterio de Cultura y Juventud _c2011 |
||
| 300 | _a92 páginas | ||
| 650 |
_aCOSTA RICA _931592 |
||
| 650 |
_aGUANACASTE _91778 |
||
| 650 |
_aLIBERIA _919824 |
||
| 650 |
_aPATRIMONIO ARQUITECTONICO _96791 |
||
| 650 |
_aTURISMO CULTURAL _911940 |
||
| 650 |
_aGUÍAS _9738 |
||
| 942 | _cBK | ||
| 999 |
_c2731 _d2731 |
||